Movies Quiz

Random Movies or Blitz Quiz

Movie Children by Film Blitz Quiz Stats

 Plays Quiz Updated Apr 30, 2019

Score 0/10 Timer 00:45
1 Play Today
% Correct
Kevin McCallister
Home Alone
96.9%
Annie James
The Parent Trap
90.2%
Anakin Skywalker
Star Wars: Episode I -
The Phantom Menace
79.6%
Mathilda Lando
Leon
69.9%
Leslie Burke
Bridge to Terabithia
68.6%
Laura Howlett
Logan
67.1%
Rebecca 'Newt' Jorden
Aliens
66.4%
Atreyu
The NeverEnding Story
64.8%
Max Kenton
Real Steel
63.3%
H. W. Plainview
There Will Be Blood
56.8%

You're not logged in!

Compare scores with friends on all Sporcle quizzes.
OR
Log In

Sporcle TV

Today on Sporcle TV


Watch our educational content, quiz creation guides, and fun videos on Sporcle TV.

Show Comments

Extras

Top Quizzes Today


Score Distribution

Your Account Isn't Verified!

In order to create a playlist on Sporcle, you need to verify the email address you used during registration. Go to your Sporcle Settings to finish the process.

Report this User

Report this user for behavior that violates our Community Guidelines.

Details: